<?xml version='1.0' encoding='UTF-8'?>
  <record xmlns="http://www.loc.gov/MARC21/slim">
    <leader>00000cam a22000007i 4500</leader>
    <controlfield tag="001">on1384442340</controlfield>
    <controlfield tag="003">OCoLC</controlfield>
    <controlfield tag="005">20240127100239.6</controlfield>
    <controlfield tag="008">230621s1569    gw            000 0 dut d</controlfield>
    <datafield tag="040" ind1=" " ind2=" ">
      <subfield code="a">QGJ</subfield>
      <subfield code="b">eng</subfield>
      <subfield code="e">rda</subfield>
      <subfield code="e">dcrmr</subfield>
      <subfield code="c">QGJ</subfield>
      <subfield code="d">QGJ</subfield>
      <subfield code="d">OCLCL</subfield>
    </datafield>
    <datafield tag="026" ind1=" " ind2=" ">
      <subfield code="e">155908 - a1=a2 *5 un - b1 A s : b2 2B5 lingh</subfield>
      <subfield code="2">stcnf</subfield>
    </datafield>
    <datafield tag="035" ind1=" " ind2=" ">
      <subfield code="a">(OCoLC)1384442340</subfield>
    </datafield>
    <datafield tag="041" ind1="1" ind2=" ">
      <subfield code="a">dut</subfield>
      <subfield code="h">fre</subfield>
    </datafield>
    <datafield tag="100" ind1="1" ind2=" ">
      <subfield code="a">Wesenbeeck, Jacob van,</subfield>
      <subfield code="d">approximately 1523-approximately 1574,</subfield>
      <subfield code="e">author.</subfield>
      <subfield code="4">aut</subfield>
      <subfield code="1">https://id.oclc.org/worldcat/entity/E39PCjFvC89TYHMcxG9jdXbgTd</subfield>
    </datafield>
    <datafield tag="240" ind1="1" ind2="0">
      <subfield code="a">Description de l'estat, succès et occurrences advenues au Pais Bas au faict de la religion.</subfield>
      <subfield code="l">Dutch</subfield>
    </datafield>
    <datafield tag="245" ind1="1" ind2="3">
      <subfield code="a">De beschriivinge van den gheschiedenissen inder religien saken toeghedragen in den Nederlanden. :</subfield>
      <subfield code="b">Deerste boeck, begriipende den staet, voortganck ende gelegenthedē der Religien soo die aldaer sedert den Jaere, 1500. gebeurt zijn, en̄ besondere sedert dat Coninc Philips de tweede daer geregeert heeft mitsgaders hoe dat na vele swaricheden de veranderinghe inder Religien indē Jare, 1566. is toeghecomen ende eyntelijck bij der Ouerheyt gedoocht ende toegelatē, met een treeder verhael van tgenen binnen den selven Jaere inden Nederlanden toeghecomen is.</subfield>
    </datafield>
    <datafield tag="246" ind1="1" ind2="7">
      <subfield code="a">Deerste Boeck vander Religie</subfield>
    </datafield>
    <datafield tag="264" ind1=" " ind2="1">
      <subfield code="a">[Cologne] :</subfield>
      <subfield code="b">[Gottfried Hirtshorn],</subfield>
      <subfield code="c">Ghedruckt in Augusto, 1559.</subfield>
    </datafield>
    <datafield tag="300" ind1=" " ind2=" ">
      <subfield code="a">[16], 347 [that is 400] pages ;</subfield>
      <subfield code="c">16 cm (8vo)</subfield>
    </datafield>
    <datafield tag="336" ind1=" " ind2=" ">
      <subfield code="a">text</subfield>
      <subfield code="b">txt</subfield>
      <subfield code="2">rdacontent</subfield>
    </datafield>
    <datafield tag="337" ind1=" " ind2=" ">
      <subfield code="a">unmediated</subfield>
      <subfield code="b">n</subfield>
      <subfield code="2">rdamedia</subfield>
    </datafield>
    <datafield tag="338" ind1=" " ind2=" ">
      <subfield code="a">volume</subfield>
      <subfield code="b">nc</subfield>
      <subfield code="2">rdacarrier</subfield>
    </datafield>
    <datafield tag="340" ind1=" " ind2=" ">
      <subfield code="m">8vo</subfield>
      <subfield code="2">rdabf</subfield>
    </datafield>
    <datafield tag="500" ind1=" " ind2=" ">
      <subfield code="a">Author is Jacob van Wesenbeeck (STCN).</subfield>
    </datafield>
    <datafield tag="500" ind1=" " ind2=" ">
      <subfield code="a">Printed in Cologne by Gottfried Hirtshorn (Typographia Batava).</subfield>
    </datafield>
    <datafield tag="500" ind1=" " ind2=" ">
      <subfield code="a">Imprint: Ghedruckt in Augusto 1559.</subfield>
    </datafield>
    <datafield tag="500" ind1=" " ind2=" ">
      <subfield code="a">Year of publication in imprint is incorrect. Printed in 1569.</subfield>
    </datafield>
    <datafield tag="500" ind1=" " ind2=" ">
      <subfield code="a">Signatures: *⁸ A-Z⁸ Aa-Bb8 (Bb2 missigned Cc2; Bb4 missigned Cc4)</subfield>
    </datafield>
    <datafield tag="500" ind1=" " ind2=" ">
      <subfield code="a">Initials; printed marginlia.</subfield>
    </datafield>
    <datafield tag="500" ind1=" " ind2=" ">
      <subfield code="a">Page 279 erroneously numbered 479; page 386 erroneously numbered 86; pages 391-392 erroneously numbered 375-376; page 400 erroneously numbered 347.</subfield>
    </datafield>
    <datafield tag="500" ind1=" " ind2=" ">
      <subfield code="a">Translated from the French.</subfield>
    </datafield>
    <datafield tag="510" ind1="4" ind2=" ">
      <subfield code="a">Koninklijke Bibliotheek (Netherlands). Catalogus van de pamfletten-verzameling berustende in de Koninklijke bibliotheek,</subfield>
      <subfield code="c">147</subfield>
    </datafield>
    <datafield tag="510" ind1="4" ind2=" ">
      <subfield code="a">Typographia Batava,</subfield>
      <subfield code="c">515</subfield>
    </datafield>
    <datafield tag="510" ind1="4" ind2=" ">
      <subfield code="a">Cockx-Indestege, E. Belgica typographica, 1541-1600,</subfield>
      <subfield code="c">7007</subfield>
    </datafield>
    <datafield tag="510" ind1="4" ind2=" ">
      <subfield code="a">Adams, H.M. Catalogue of books printed on the continent of Europe, 1501-1600, in Cambridge libraries,</subfield>
      <subfield code="c">W 62</subfield>
    </datafield>
    <datafield tag="510" ind1="4" ind2=" ">
      <subfield code="a">Short title catalogue Netherlands,</subfield>
      <subfield code="c">860123170</subfield>
    </datafield>
    <datafield tag="510" ind1="3" ind2=" ">
      <subfield code="a">Not in: Verzeichnis der im deutschen Sprachbereich erschienenen Drucke des 16. Jahrhunderts (VD 16)</subfield>
    </datafield>
    <datafield tag="700" ind1="1" ind2=" ">
      <subfield code="a">Cervicornus, Gottfried,</subfield>
      <subfield code="d">active approximately 1560-1577,</subfield>
      <subfield code="e">printer.</subfield>
      <subfield code="4">prt</subfield>
      <subfield code="1">https://id.oclc.org/worldcat/entity/E39PBJdMctxmqCFdbbJc3fpwYP</subfield>
    </datafield>
    <datafield tag="752" ind1=" " ind2=" ">
      <subfield code="a">Germany</subfield>
      <subfield code="d">Cologne,</subfield>
      <subfield code="e">publication place.</subfield>
      <subfield code="4">pup</subfield>
    </datafield>
    <datafield tag="758" ind1=" " ind2=" ">
      <subfield code="i">has work:</subfield>
      <subfield code="a">De beschriivinge van den gheschiedenissen inder religien saken toeghedragen in den Nederlanden. Deerste boeck, begriipende den staet, voortganck ende gelegenthedē der religien soo die aldaer sedert den jaere, 1500 gebeurt zijn, en besondere sedert dat coninc Philips de tweede daer geregeert heeft, mitsgaders hoe dat na vele swaricheden de veranderinghe inder religien indē jare, 1566. is toeghecomen ende eyntelijck bij der ouerheyt gedoocht ende toegelatē (Text)</subfield>
      <subfield code="1">https://id.oclc.org/worldcat/entity/E39PCXR8dkDjYBcVCP97k9qrmb</subfield>
      <subfield code="4">https://id.oclc.org/worldcat/ontology/hasWork</subfield>
    </datafield>
  </record>